| 000 | 00667cam a22002291 4500 | ||
|---|---|---|---|
| 001 | med47000507 | ||
| 003 | DLC | ||
| 005 | 20260227111559.0 | ||
| 008 | 810725s1946 xx 000 0 fre | ||
| 010 | _amed47000507 | ||
| 035 | _a(OCoLC)14748634 | ||
| 040 |
_aDLC _cDNLM _dDLC |
||
| 042 | _apremarc | ||
| 050 | 0 | 0 |
_aQP111 _b.G3 1946 |
| 060 | 0 | 0 |
_aQU 220 _bG177r 1946 |
| 060 | 0 | 0 | _aFilm 5984 no. 4 |
| 100 | 1 |
_aGalmiche, Paul, _d1914- |
|
| 245 | 1 | 3 | _aLa résistance et la perméabilité des vaisseaux capillaires et la vitamine P ... |
| 260 |
_aParis, _bLibrairie Le François _c[1946?] |
||
| 300 |
_a144 p. _bill. |
||
| 500 |
_aMicrofilmed for preservation _5DNLM |
||
| 999 |
_c38102 _d38102 |
||